000
00339 a2200145 4500
001
149784
040
_c
Escola São Tomás de Aquino
100
_a
ROSA, Allan Santos
240
1
0
_a
Zagaia
_l
por
245
1
0
_a
Zagaia
300
_a
47
440
1
_a
Difusão Cultural do Livro
697
_a
Folclore / Adivinhações / Lendas
942
_c
BK
999
_c
149784
_d
149784